000 nam a22 7a 4500
999 _c329666
_d329666
003 NUST
005 20170517131042.0
008 170517b xxu||||| |||| 00| 0 eng d
040 _cDLC
082 _a625.7 MAN
100 _aMannering,F.L
_9975
245 _aPrinciples of Highway Engineering and Traffic Analysis /
942 _2ddc
_cBK